| 000 | 00439nam a22001457a 4500 | ||
|---|---|---|---|
| 999 |
_c191249 _d191249 |
||
| 003 | OSt | ||
| 082 | _bINDIA/S&T/1991 | ||
| 100 | _aGovernment of India | ||
| 245 | _aGeneral information on research & development funding schemes of central government departments/agencies | ||
| 260 |
_aNew Delhi _bGovernment of India _c1991 |
||
| 300 | _a115p. | ||
| 546 | _aEnglish | ||
| 650 | _aresearch & development funding scheme | ||
| 942 |
_2ddc _cREP |
||